000 00670cam a2200217 4500500
005 20260329003446.0
041 _afre
042 _adc
100 1 0 _aFleury, Pauline
_eauthor
245 0 0 _aPosition philosophique 4. On ne peut pas accueillir tout le monde
260 _c2015.
500 _a73
690 _aFrançois Héran
690 _aGarett Hardin
690 _aMichael Walzer
690 _aMigrants
690 _aPeter Singer
690 _aréfugiés
786 0 _nPhilosophie magazine | 94 | 11 | 2015-11-01 | p. 16-17 | 1951-1787
856 4 1 _uhttps://shs.cairn.info/magazine-philosophie-magazine-2015-11-page-16?lang=fr&redirect-ssocas=7080
999 _c1824781
_d1824781